Statistiken für Torschützenkönige in der Geschichte des 1. FC Nürnberg

Klicken Sie hier um das Quiz zu spielen!

Allgemein

  • Dieses Quiz wurde 32 mal gespielt
  • Das Durchschnittsergebnis liegt bei 3 aus 10

Antwortstatistiken

ToreNationalitätSpieler% Korrekt
75SlowakeiMarek Mintal
93%
290DeutschlandMax Morlock
80%
89DeutschlandDieter Eckstein
37%
185DeutschlandHeinz Strehl
17%
79DeutschlandHans Walitza
10%
74DeutschlandGünther Glomb
3%
73DeutschlandGustav Flachenecker
3%
81DeutschlandHelmut Herbolsheimer
3%
112DeutschlandKonrad Winterstein
3%
75DeutschlandTasso Wild
3%

Verteilung der Resultate

Perzentil nach korrekt beantworteten Fragen

Anzahl Personen mit jedem Resultat

Ihre Resultats-Entwicklung

Sie haben dieses Quiz noch nicht gespielt